Catálogo

SEGUIR A CRISTO HOY : (Registro nro. 16690)

Detalles MARC
000 -LEADER
fixed length control field 00491nam a2200181 a 4500
001 - CONTROL NUMBER
control field 16690
005 - DATE AND TIME OF LATEST TRANSACTION
control field 20180713205705.0
008 - FIXED-LENGTH DATA ELEMENTS--GENERAL INFORMATION
fixed length control field 140415s1992 000 0 spa d
020 ## - INTERNATIONAL STANDARD BOOK NUMBER
International Standard Book Number 8474902940
041 ## - LANGUAGE CODE
Language code of text/sound track or separate title spa
082 ## - DEWEY DECIMAL CLASSIFICATION NUMBER
Classification number 231.042
Item number SUQ
100 1# - MAIN ENTRY--PERSONAL NAME
Personal name SUQUIA GOICOECHEA, ANGEL
245 10 - TITLE STATEMENT
Title SEGUIR A CRISTO HOY :
Remainder of title DISCURSOS Y CONFERENCIOS
260 ## - PUBLICATION, DISTRIBUTION, ETC.
Place of publication, distribution, etc. [s.l.] :
Name of publisher, distributor, etc. EDICIONES ENCUENTRO,
Date of publication, distribution, etc. 1992
300 ## - PHYSICAL DESCRIPTION
Extent 276
490 ## - SERIES STATEMENT
Series statement ENSAYOS
Volume/sequential designation 75
650 14 - SUBJECT ADDED ENTRY--TOPICAL TERM
Topical term or geographic name entry element DIOS
General subdivision FE EN DIOS
Existencias
Withdrawn status Lost status Source of classification or shelving scheme Damaged status Not for loan Collection code Home library Current library Shelving location Date acquired Source of acquisition Inventory number Total Checkouts Full call number Barcode Price effective from Koha item type
    Dewey Decimal Classification     General Biblioteca Karol Wojtyla Biblioteca Karol Wojtyla Sala general 03/12/2013 Compra 151000000000000000057003   231.042 SUQ 34555 03/12/2013 Libro